000 00725nam a2200229 i 4500
001 10413
003 ES-MaACL
005 20250821074831.0
007 t|
008 950608s1976 sp ||||1| spa d
020 _a84-220-0781-5
080 _a27-549.3
100 1 _aSayés, José Antonio.
_9104107
245 1 3 _aLa presencia real de Cristo en la Eucaristía /
_cpor José Antonio Sayes.
260 _aMadrid :
_bLa Editorial Católica,
_c1976.
300 _aXIV, 1 h., 316 p., 1 h. ;
_c20 cm.
490 1 _aBiblioteca de autores cristianos ;
_v386
650 0 7 _aEucaristía
_2embne
_912604
830 0 0 _aBiblioteca de autores cristianos
_v386
_9178679
852 _aES-MaACL
_jJ-379
_9R.46092
999 _c10413
_d10413